MARC

LEADER 00000nam0a2200000 4500
001 35346
005 20231030233425.0
010 |a 5247007476 
035 |a (RuTPU)RU\TPU\book\35776 
035 |a BOOK00002428 
090 |a 35346 
100 |a 20011210d1990 k y0rusy50 ca 
101 0 |a rus 
102 |a RU 
105 |a a g 001zy 
200 1 |a Прострелочно-взрывная аппаратура  |e справочник  |f под ред. Л. Я. Фридляндера 
210 |a Москва  |c Недра  |d 1990 
215 |a 277 с.  |c ил. 
320 |a Библиогр.: с. 271. 
320 |a Предм. указ.: с. 272-276. 
610 1 |a геология 
610 1 |a пакеры взрывные 
610 1 |a грунтоносы 
610 1 |a торпеды 
610 1 |a устройство 
610 1 |a назначение 
610 1 |a характеристики 
610 1 |a технология заряжения 
610 1 |a хранение 
610 1 |a транспортировка 
610 1 |a неисправности 
610 1 |a справочники 
610 1 |a перфораторы 
610 1 |a генераторы 
675 |a 622.245.14(035)  |v 3 
702 1 |a Фридляндер  |b Л. Я.  |g Лев Яковлевич  |4 340 
801 0 |a RU  |b 63413507  |c 20011210  |g PSBO 
801 2 |a RU  |b 63413507  |c 20151109  |g PSBO 
900 |a Исследования и специальные работы в скважинах 
942 |c BK